00426 a2200157 4500001000700000020001800007040002200025041001600047082002400063100001800087245003100105250001100136260003400147362001300181500007400194137969 a9788530977979 cLeonardo Da Vinci aPortuguês a346.07 M343cbM343c aMARTINS, Fran aCurso de direito comercial a41. ed bForensec2018aRio de Janeiro a20180000 aEdição revista, atualizada e ampliada por Carlos Henrique Abrão